Україна на переломі 1657-1659 (Запис № 436477)

МАРК-запис
000 -Лідер
fixed length control field 01077nam a22002657a 4500
001 - Контрольний номер
control field 38001
003 - Ідентифікатор контрольного номера
control field UA-OsUOA
005 - Дата та час останнього входження (трансакції)
control field 20201202203658.0
007 - Фіксоване поле фізичного опису
fixed length control field ta
008 - Елементи даних фіксованої довжини – загальна інформація
fixed length control field 20070619b un ||||| |||| 00| 0 ukr d
040 ## - Джерело каталогізації
Агенція оригінальної каталогізації UA-OsUOA
Мова каталогізації ukr
Агенція, яка здійснювала перезапис UA-OsUOA
Агенція, яка здійснювала модифікацію UA-OsUOA
041 ## - Код мови
Код мови тексту/ звукової доріжки чи окремого заголовка (П) ukr
080 ## - Індекс Універсальної десяткової класифікації
Індекс Універсальної десяткової класифікації (УДК) (НП) 94(477).04
090 ## - Локальний шифр розміщення
Класифікаційний індекс УДК 94(477).04
Авторський знак (НП) Л61
100 ## - Основне введення – ім’я особи
Ім’я особи (НП) Липинський В.
245 ## - Відомості про назву
Назва (НП) Україна на переломі 1657-1659
Решта назви (НП) замітки до історії українського державного будівництва в ХVІІ ст.
Дані про відповідальність (НП) за ред. Л. Біласа, Я. Пеленського
260 ## - Публікація, розповсюдження і т.п. (Вихідні дані)
Місце публікації, розповсюдження і т.п. (П) Філадельфія
Ім’я/ наймення видавництва, розповсюджувача і т.п. (П) Східно-Європейський дослідний Інститут ім.В.К.Липинського
Дата публікації, розповсюдження і т.п. (П) 1991
300 ## - Фізичний опис
Обсяг 346 с.
505 ## - Форматована примітка про зміст
Змішана інформація т. 3
650 #7 - Додаткове предметне введення – тематичний термін
Тематичний термін чи географічна назва, як елемент введення (НП) 9 Географія. Біографії. Історія
Джерело заголовка чи терміна UDC
942 ## - Додаткові елементи входу (Коха)
Тип елемента Koha Книги
Source of classification or shelving scheme Universal Decimal Classification
955 ## - Код типу видання за змістом
Код типу видання за змістом (НП) Наукові видання
Фонди
Стан вилучень Стан втрат Джерело класифікації або схеми стелажів Стан уражень Не для кредиту Постійне місце розташування Поточне розміщення Дата придбання Джерело придбання Вартість, звичайна ціна покупки Інвентарний номер Усього замовленно Повний номер виклику Штрих-код Дата останнього перегляду Ціна ефективна від Тип елемента Koha
    Universal Decimal Classification     Наукова бібліотека ІДУД Наукова бібліотека ІДУД 12/05/2014 311/2014 1.00 2135859   94(477).04 Л61 2135859 14/09/2019 12/05/2014 Книги
    Universal Decimal Classification     Наукова бібліотека ІДУД Наукова бібліотека ІДУД 19/06/2007 13/2006 1.00 2127014   94(477).04 Л61 2127014 15/09/2019 19/06/2007 Книги